00844nam a2200241Ia 450000500170000000800410001702000220005804100080008008200160008810000210010424501210012525000120024626000430025830000210030144000060032250000190032865000190034770000240036690600070039094200070039799900170040495201810042120230421152326.0230125s9999 xx 000 0 und d a978-93-530-6581-2 aeng a153.94bTHO aThorpe E9108756 aGeneral Studies For Civil Services Preliminary ExaminationbGeneral Knowledge and Curent Affairs : Paper 1, Volume 1 a1st Ed. c2019bPearson EducationaUttar Pradesh a289pcPaper Back v1 aAptitude Tests aAptitude Tests aThorpe E & Thorpe S b27 cBK c95277d95277 00104070aHIMRbHIMRd2019-02-13ePritam Book Centreg1599.00i10760l1m1o153.94 THO B18329pHIMR-BK-18329r2024-03-18 00:00:00s2024-02-27v1572.00w2019-02-12yBKzB18329